[Event "ACT Open"]
[Site "Amsterdam NED"]
[Date "2004.07.18"]
[Round "2"]
[White "Buckley,Si"]
[Black "Solleveld,Maa"]
[Result "1/2-1/2"]
[WhiteElo "2314"]
[BlackElo "2486"]

1.d4 Nf6 2.Bg5 Ne4 3.Bf4 c5 4.f3 Qa5+ 5.c3 Nf6 6.Nd2 cxd4 7.Nb3 Qb6 8.Qxd4 Nc6
9.Qxb6 axb6 10.Nd4 Ra5 11.Nb3 Ra8 12.Nd4 e5 13.Nxc6 exf4 14.Nd4 Nd5 15.g3 Bc5
16.gxf4 Ne3 17.Kd2 Nxf1+ 18.Rxf1 Rxa2 19.Kc2 d5 20.e4 O-O 21.Nge2 dxe4 22.fxe4 Re8
23.Ng3 h5 24.Rhg1 Bg4 25.Rf2 Ra4 26.Rd2 Rd8 27.h3 Bxh3 28.Nxh5 Bxd4 29.Rxd4 Rdxd4
30.cxd4 Rxd4 31.Rxg7+ Kf8 32.Rg3 Be6 33.f5 Bd7 34.Kc3 Ra4 35.b3 Ra1 36.Nf6 Bc6
37.Kd4 Ke7 38.Ke5 Ra5+ 39.Nd5+ Bxd5 40.exd5 f6+ 41.Ke4 Rb5 42.Rg6 Rb4+ 43.Kd3 Rxb3+
44.Kc4 Rb1 45.d6+ Kf7 46.Rh6 Rc1+ 47.Kb5 Rd1 48.Kxb6 Rxd6+ 49.Kxb7 Rd5 50.Rh7+ Kg8
51.Rh5 Rc5 52.Kb6 Rc1 53.Kb7 Kf8 54.Rh7 Rc5 55.Rc7 Rxf5 56.Kc6 Rg5 57.Kd6 Rg7
58.Rc8+ Kf7 59.Rc7+ Kg6 60.Rc1 Ra7 61.Rg1+ Kf7 62.Kd5 Ra4 63.Rg2 f5 64.Ke5 Ra5+
65.Kf4 Kf6  1/2-1/2

[Event "Specsavers YM"]
[Site "Millfield School ENG"]
[Date "2004.07.21"]
[Round "4"]
[White "Bigg,A"]
[Black "Palliser,R"]
[Result "1/2-1/2"]
[WhiteElo "2275"]
[BlackElo "2411"]

1.d4 Nf6 2.Bg5 Ne4 3.Bf4 d5 4.f3 Nf6 5.e4 dxe4 6.Nc3 Nd5 7.Bg3 Nc6 8.Bb5 e5
9.dxe5 Bb4 10.Ne2 exf3 11.gxf3 Bf5 12.Qd4 Nxc3 13.Bxc6+ bxc6 14.Qxb4 Nxe2
15.Kxe2 Rb8 16.Qc3 O-O 17.Rad1 Qe7 18.a3 Rb5 19.Rd4 f6 20.Rb4 fxe5 21.Rxb5 cxb5
22.Bxe5 Bxc2 23.Rg1 Rf7 24.f4 Bg6 25.Qd4 c5 26.Qd5 Qd7 27.Qxd7 Rxd7 28.h4 c4
29.Rg5 Bc2 30.Bc3 a6 31.f5 h6 32.Rg6 Ra7 33.Bd4 Rd7 34.Ke3 Bxf5 35.Rxa6 Re7+
36.Kf3 Bd7 37.Ra7 Bc6+ 38.Kg3 Bd7 39.Rc7 Rf7 40.a4 bxa4 41.Rxc4 Rf5 42.Rc5 Rf7
43.Rc7 Kh7 44.Rb7 Re7 45.b3 axb3 46.Rxb3 Re4 47.Bf2 Kg6 48.Rc3 Rb4 49.Rd3 Bf5
50.Rd4 Rb5 51.Kf4 Bc8 52.Rc4 Bb7 53.Rc5 Rb4+ 54.Kg3 Rb3+ 55.Kh2 Rb2 56.Kg3 Rb3+
57.Kh2 Bf3 58.Ra5 Rd3 59.Rc5 Bd5 60.Rc7 Rd2 61.Kg3 Rd3+ 62.Kh2 Kf6 63.Rc3 Rd1
64.Kg3 Kf5 65.Re3 Rb1 66.Re7 Rb3+ 67.Re3 Rb4 68.Be1 Rg4+ 69.Kh3 Rg1 70.Bf2 Rf1
71.Kg3 g5 72.hxg5 h5 73.Re1 h4+ 74.Kxh4 Rxf2 75.Kg3 Rg2+ 76.Kh3 Rxg5 77.Rf1+ Ke5
78.Rf8 Be6+ 79.Kh4 Rg4+ 80.Kh5 Rg3  1/2-1/2

[Event "ACT Open"]
[Site "Amsterdam NED"]
[Date "2004.07.22"]
[Round "6"]
[White "Buckley,Si"]
[Black "Bosboom,M"]
[Result "1-0"]
[WhiteElo "2314"]
[BlackElo "2425"]

1.d4 Nf6 2.Bg5 Ne4 3.Bf4 d5 4.e3 c5 5.Bd3 Nc6 6.Bxe4 dxe4 7.d5 e5 8.Bg3 Ne7
9.Bxe5 f6 10.Bg3 h5 11.h3 h4 12.Bh2 Nxd5 13.Qd2 Be6 14.Nc3 Nxc3 15.Qxc3 Qb6
16.Ne2 Rd8 17.O-O Be7 18.Rfd1 O-O 19.a3 Rxd1+ 20.Rxd1 Rd8 21.Rxd8+ Qxd8 22.Qe1 Qd7
23.Nc3 Qc6 24.Qe2 g5 25.Qb5 Qxb5 26.Nxb5 a6 27.Bd6 Kf7 28.Bxe7 Kxe7 29.Nc3 f5
30.g3 b5 31.gxh4 gxh4 32.Ne2 b4 33.axb4 Bc4 34.Nf4 cxb4 35.b3 a5 36.bxc4 Kd6
37.Kf1 a4 38.Ne2 Kc5 39.Ke1 Kxc4 40.Kd2 b3 41.cxb3+ Kxb3 42.Kc1 a3 43.Kb1 Kc4
44.Nf4 Kc3 45.Ng2  1-0

[Event "Specsavers YM"]
[Site "Millfield School ENG"]
[Date "2004.07.22"]
[Round "6"]
[White "Fowler,S"]
[Black "Barraclough,S"]
[Result "1-0"]
[WhiteElo "2115"]
[BlackElo "1906"]

1.d4 Nf6 2.Bg5 Ne4 3.Bf4 e6 4.e3 g5 5.Be5 Rg8 6.Bd3 Nf6 7.Bxf6 Qxf6 8.Bxh7 Rh8
9.Bd3 b6 10.Qf3 Qxf3 11.Nxf3 Be7 12.Nbd2 Bb7 13.Ne5 Bxg2 14.Rg1 Bb7 15.Ke2 d6
16.Nef3 f6 17.c4 c5 18.e4 Na6 19.d5 Nc7 20.Nf1 exd5 21.exd5 Kf7 22.Ne3 Bc8
23.Bf5 Bxf5 24.Nxf5 Rag8 25.Rg4 Ne8 26.Re4 Bf8 27.Rg1 Ng7 28.Nxg7 Rxg7 29.Reg4 Rh3
30.R1g2 Kg6 31.Ng1 Rh5 32.Nf3 Rh3 33.R2g3 Rxg3 34.fxg3 Kf7 35.Kd3 Be7 36.Ke4 Kg6
37.Nh4+ Kh5 38.Kf5 Rf7 39.Re4 Rh7 40.Ng6 Bd8 41.Re8 Bc7 42.g4+ Kh6 43.Kxf6  1-0

[Event "JunCh-USA"]
[Site "Lindsborg USA"]
[Date "2004.07.24"]
[Round "7"]
[White "Fernandez,D"]
[Black "Lopez,B"]
[Result "1/2-1/2"]
[WhiteElo "2317"]
[BlackElo "2400"]

1.d4 Nf6 2.Bg5 Ne4 3.Bf4 c5 4.f3 Qa5+ 5.c3 Nf6 6.Nd2 cxd4 7.Nb3 Qb6 8.Qxd4 Nc6
9.Qxb6 axb6 10.Nd4 e5 11.Nxc6 exf4 12.Nd4 d5 13.g3 Bd6 14.Kf2 O-O 15.gxf4 Bxf4
16.e3 Bh6 17.Bb5 g6 18.h4 Bd7 19.Nh3 Rfe8 20.Ng5 Re5 21.Rhg1 Bxb5 22.Nxb5 Nh5
23.Nd6 Re7 24.Rge1 Rd8 25.Nb5 Re5 26.f4 Re7 27.Rad1 Bg7 28.Rd3 Nf6 29.Kf3 h6
30.Nh3 Ra8 31.a3 Ra5 32.Nd4 Nh5 33.Nf2 Bxd4 34.Rxd4 Ng7 35.Ng4 Nf5 36.Rxd5 h5
37.Rd8+ Kg7 38.Ne5 Nxh4+ 39.Kf2 Nf5 40.Nc4 Rc5 41.Nxb6 Rb5 42.Na4 Ra5 43.Nb6 Rb5
44.Na4 Ra5 45.b3 b5 46.Rd5 Rea7 47.Nb2 Rxa3 48.Rxb5 Ra2 49.Re2 Nd6 50.Rb4 f5
51.Na4 Ne4+ 52.Kf3 Ra1 53.Kg2 Rc1 54.Rc4 Rd7 55.Nc5 Nxc5 56.Rxc5 Rd3 57.Kf3 Rf1+
58.Rf2 Re1 59.Re2 Rf1+ 60.Kg3 Rc1 61.Kf3  1/2-1/2

[Event "Politiken Cup"]
[Site "Copenhagen DEN"]
[Date "2004.07.26"]
[Round "4"]
[White "Archangelsky,M"]
[Black "Harstad,C"]
[Result "1/2-1/2"]
[WhiteElo "2312"]
[BlackElo "2140"]

1.d4 Nf6 2.Bg5 Ne4 3.Bh4 d5 4.f3 Nf6 5.Nc3 e6 6.e4 Be7 7.e5 Nfd7 8.Bxe7 Qxe7
9.f4 a6 10.Nf3 c5 11.dxc5 Nxc5 12.Bd3 Nc6 13.O-O f5 14.exf6 Qxf6 15.Qe2 O-O
16.Ne5 Nxe5 17.fxe5 Qe7 18.Rxf8+ Qxf8 19.Rf1 Qe7 20.Qh5 Nxd3 21.cxd3 Bd7
22.d4 Rf8 23.Rxf8+ Kxf8 24.Qxh7 Qg5 25.Qc2 Kg8 26.h3 Qe3+ 27.Qf2 Qc1+ 28.Kh2 b5
29.a3 a5 30.Na2 Qc4 31.b4 a4 32.Qh4 Kf7 33.Qh5+ Kg8 34.Qh4 Kf7 35.Qh5+ Kg8
36.Qh4 Kf7  1/2-1/2

[Event "12th Open"]
[Site "St Affrique FRA"]
[Date "2004.07.26"]
[Round "4"]
[White "Saada,J"]
[Black "Pham Minh Hoang"]
[Result "0-1"]
[WhiteElo "2270"]
[BlackElo "2446"]

1.d4 Nf6 2.Bg5 Ne4 3.Bf4 d5 4.e3 c5 5.Bd3 Nf6 6.c3 Nc6 7.h3 g6 8.Nf3 Bg7
9.O-O O-O 10.Nbd2 Nd7 11.e4 cxd4 12.exd5 Nc5 13.Bc4 Na5 14.cxd4 Nxc4 15.Nxc4 Qxd5
16.Ne3 Qe4 17.Be5 Bxe5 18.dxe5 Be6 19.Qd4 Qxd4 20.Nxd4 Nd3 21.Nf3 Rfd8 22.Rfd1 Rd7
23.Kf1 a5 24.b3 a4 25.Nc4 Ra6 26.Rab1 b5 27.Nb2 Bf5 28.Ke2 Nf4+ 29.Kf1 Bxb1
30.Rxd7 Bxa2 31.bxa4 bxa4 32.Rd4 a3 33.Nd1 Bb3 34.Nc3 Ne6  0-1

[Event "MTO"]
[Site "Biel SUI"]
[Date "2004.07.28"]
[Round "9"]
[White "Wells,P"]
[Black "Roevekamp,F"]
[Result "1-0"]
[WhiteElo "2494"]
[BlackElo "2325"]

1.d4 Nf6 2.Bg5 Ne4 3.Bf4 c5 4.f3 Nf6 5.dxc5 Qa5+ 6.Nc3 Qxc5 7.e4 d6 8.Qd2 Nbd7
9.O-O-O a6 10.g4 h6 11.Nge2 b5 12.Ng3 Bb7 13.h4 Ne5 14.Be2 O-O-O 15.g5 hxg5
16.hxg5 Rxh1 17.Rxh1 Nfd7 18.b3 e6 19.Be3 Qa3+ 20.Kb1 Nc5 21.f4 Nc6 22.Rh8 Qa5
23.g6 b4 24.Rxf8 Rxf8 25.Qxd6 Nd7 26.Na4 Qd8 27.Bxa6 Ncb8 28.Bb6 Nxb6 29.Nxb6+ Qxb6
30.Qxb6 Bxa6 31.gxf7 Rxf7 32.Qxe6+ Rd7 33.Nf5 Kd8 34.Nd6 Nc6 35.Nf7+  1-0

[Event "ch-GBR"]
[Site "Scarborough ENG"]
[Date "2004.08.04"]
[Round "3"]
[White "Walton,A"]
[Black "Palliser,R"]
[Result "0-1"]
[WhiteElo "2208"]
[BlackElo "2411"]

1.d4 Nf6 2.Bg5 Ne4 3.Bf4 d5 4.e3 c5 5.Nd2 Qb6 6.Nxe4 dxe4 7.Rb1 Bf5 8.c3 Nc6
9.Qb3 Qxb3 10.axb3 cxd4 11.exd4 e3 12.Ra1 exf2+ 13.Kxf2 e5 14.dxe5 Bc5+ 15.Kg3 O-O-O
16.Nf3 h6 17.h4 Rhg8 18.Bb5 g5 19.hxg5 hxg5 20.Bxc6 gxf4+ 21.Kxf4 Be6 22.Ng5 bxc6
23.Nxe6 fxe6 24.Rh6 Rxg2 25.Rxe6 Rf8+ 26.Rf6 Rf2+ 27.Ke4 R8xf6 28.exf6 Rxf6
29.b4 Bb6 30.Kd3 Rf2 31.b3 Rf3+ 32.Kc4 Kb7 33.Rd1 Bc7 34.b5 Rf4+ 35.Rd4 cxb5+
36.Kxb5 Rxd4 37.cxd4 Bb6  0-1

[Event "Open"]
[Site "Charleroi BEL"]
[Date "2004.08.05"]
[Round "7"]
[White "Giadrosic,D"]
[Black "Ivanov,MM"]
[Result "1/2-1/2"]
[WhiteElo "1944"]
[BlackElo "2463"]

1.d4 Nf6 2.Bg5 Ne4 3.h4 c5 4.d5 Qb6 5.Nd2 Nxd2 6.Bxd2 Qxb2 7.Nf3 Qb6 8.e4 d6
9.a4 Qc7 10.Bc3 Bg4 11.Bb5+ Nd7 12.Qd3 a6 13.Bc4 Bxf3 14.Qxf3 Ne5 15.Bxe5 dxe5
16.Qxf7+ Kxf7 17.d6+ e6 18.dxc7 Bd6 19.Rb1 b5 20.axb5 axb5 21.Bxb5 Bxc7 22.O-O Rab8
23.Rfd1 Rhd8 24.Rxd8 Rxd8 25.Bd3 Ba5 26.Rb7+ Kf6 27.Ra7 Bc3 28.Rc7 Bd4 29.Rc6 Ke7
30.Rc7+ Kf6 31.Rc6 g5 32.hxg5+ Kxg5 33.Kf1 Rf8 34.f3 Ra8 35.Ba6 Rb8 36.Rc8 Rb1+
37.Ke2 Rg1 38.Kd3 Kf6 39.c3 Bf2 40.Rg8 Kf7 41.Rg4 h5 42.Rg5 h4 43.Rxe5 Bg3
44.Rh5 Rxg2 45.f4 Kg6 46.Rh8 Rf2 47.Bc8 Rf3+ 48.Ke2 Rxf4 49.Ke3 Rf6 50.Bd7 Kg7
51.Rh5 e5 52.Bf5 c4 53.Rh7+ Kg8 54.Rc7 Rh6 55.Bh3 Bf4+ 56.Ke2 Rg6 57.Rxc4 Rg3
58.Be6+ Kf8 59.Rc7 h3 60.Rf7+ Ke8 61.Rh7 Re3+ 62.Kf2 Rxc3 63.Rxh3 Rxh3 64.Bxh3  1/2-1/2

[Event "CCM4 Ordix Open"]
[Site "Mainz GER"]
[Date "2004.08.07"]
[Round "6"]
[White "Georgiev,Ki"]
[Black "Grischuk,A"]
[Result "0-1"]
[WhiteElo "2626"]
[BlackElo "2705"]

1.d4 Nf6 2.Bg5 Ne4 3.Bf4 c5 4.d5 Qb6 5.Bc1 e6 6.f3 Nf6 7.c4 exd5 8.cxd5 c4
9.e3 Bc5 10.Kf2 O-O 11.Bxc4 Re8 12.Qb3 Qd8 13.Ne2 d6 14.Nbc3 a6 15.a4 Nbd7
16.Ng3 Rb8 17.Bd2 b5 18.axb5 axb5 19.Be2 b4 20.Na4 Bb7 21.Nxc5 Bxd5 22.Qc2 Nxc5
23.Rhe1 Rc8 24.Qf5 Qb6 25.Qf4 Be4 26.Kg1 Nd5 27.Qh4 Bg6 28.Qd4 Qb7 29.Bc4 Nb6
30.Bb5 Nb3 31.Qxb4 Nxa1 32.Rxa1 Nd5 33.Qa5 Rc5 34.Bxe8 Rxa5 35.Rxa5 h6 36.b4 Bd3
37.b5 Nc7 38.Bc6 Qb6 39.Ra1 Bxb5 40.Bxb5 Qxb5 41.Nf1 Ne6 42.Be1 d5 43.Rd1 Qe2
44.Rc1 d4 45.Bd2 Qb5 46.exd4 Nxd4 47.Re1 Qd3 48.Kh1 Kh7 49.Rc1 f6 50.Be3 Nf5
51.Bg1 Nh4 52.Ng3 Nxf3 53.Rf1 Ng5 54.Rf2 Nf7 55.Ne2 Ne5 56.Nf4 Qe4 57.h3 Nc4
58.Ne2 Ne3 59.Ng3 Qd5 60.Ne2 Nd1 61.Rf3 Qe6 62.Nd4 Qd7 63.Nf5 Nb2 64.Nh4 Nc4
65.Rc3 Ne5 66.Nf3 Ng6 67.Rc4 Qd5 68.Rd4 Qb7 69.Rd6 Nf4 70.Rd2 Nxh3 71.Nd4 Ng5  0-1

[Event "ch-GBR"]
[Site "Scarborough ENG"]
[Date "2004.08.07"]
[Round "6"]
[White "Bigg,A"]
[Black "Sowray,P"]
[Result "1-0"]
[WhiteElo "2275"]
[BlackElo "2349"]

1.d4 Nf6 2.Bg5 Ne4 3.Bf4 d5 4.e3 c5 5.Bd3 Nf6 6.dxc5 Nc6 7.Bb5 e6 8.b4 a5
9.c3 Nd7 10.Qa4 Nxb4 11.cxb4 Qf6 12.Nf3 Qxa1 13.O-O Ke7 14.Qa3 Kd8 15.Nbd2 axb4
16.Qxa8 Qc3 17.Bxd7 Kxd7 18.Ne5+  1-0

[Event "Open"]
[Site "Davos SUI"]
[Date "2004.08.08"]
[Round "9"]
[White "Curien,N"]
[Black "Cebalo,M"]
[Result "1/2-1/2"]
[WhiteElo "2218"]
[BlackElo "2527"]

1.d4 Nf6 2.Bg5 Ne4 3.Bf4 c5 4.f3 Qa5+ 5.c3 Nf6 6.Nd2 cxd4 7.Nb3 Qb6 8.Qxd4 Nc6
9.Qxb6 axb6 10.Nd4 e5 11.Nxc6 exf4 12.Nd4 d5 13.g3 Bd6 14.Nb5 Bb8 15.gxf4 Bxf4
16.e3 Be5 17.Bd3 O-O 18.Ne2 Re8 19.Kf2 Bd7 20.Ned4 Bc6 21.Nf5 g6 22.Ng3 Nd7
23.Nd4 Nc5 24.Bc2 Ba4 25.Bxa4 Nxa4 26.Rab1 Nc5 27.a3 Bxd4 28.cxd4 Nb3 29.Ne2 Nd2
30.Rbe1 Nc4 31.Nc3 Nxb2 32.Nxd5 Red8 33.Rb1 Nd3+ 34.Ke2 Rxd5 35.Kxd3 Rxa3+
36.Ke4 Rd6 37.Rhe1 Kg7 38.Ra1 Re6+ 39.Kf4 Rexe3 40.Rxe3 Rxa1 41.Re2 Kf6 42.Rb2 Ra6
43.h4 h5 44.Ke4 Ke6 45.f4 Kd6 46.f5 gxf5+ 47.Kxf5 Kd5 48.Rb4 Ra5 49.Kf6 Kc6
50.Kxf7 Rd5 51.Ke7 b5 52.Ke6 Rd8 53.Ke7 Rg8 54.d5+ Kc5 55.Rb1 Rg7+ 56.Ke6 Rg6+
57.Ke7 Rg4 58.Rd1 Re4+ 59.Kd7 Rxh4 60.d6 Rg4 61.Kc7 b4 62.d7 Rg7 63.Kxb7 b3
64.Ka6 Rxd7 65.Rxd7 Kb4 66.Rh7 b2 67.Rxh5 Kc3 68.Rb5 Kc2 69.Rxb2+ Kxb2  1/2-1/2

[Event "ch-Arab w"]
[Site "Dubai UAE"]
[Date "2004.08.08"]
[Round "6"]
[White "Mir Mahmoud,A"]
[Black "Mouradian,K"]
[Result "1/2-1/2"]
[WhiteElo "2007"]
[BlackElo "2095"]

1.d4 Nf6 2.Bg5 Ne4 3.Bf4 d5 4.Nd2 Bf5 5.e3 Nxd2 6.Qxd2 e6 7.Bd3 Bxd3 8.Qxd3 c6
9.Nf3 Bd6 10.Bg3 Qe7 11.O-O Bxg3 12.hxg3 Nd7 13.c4 O-O 14.Rfe1 dxc4 15.Qxc4 Rfd8
16.b4 Rac8 17.Qb3 Nf6 18.Rac1 Ng4 19.Red1 e5 20.Nxe5 Nxe5 21.dxe5 Qxe5 22.a4 h6
23.Rc5 Rxd1+ 24.Qxd1 Qe7 25.Rc4 Rd8 26.Qc2 Qf6 27.Kf1 Qg5 28.Ke2 a5 29.bxa5 Qxa5
30.Rc5 Qb4 31.Rc4 Qa5  1/2-1/2

[Event "FSGM August"]
[Site "Budapest HUN"]
[Date "2004.08.09"]
[Round "3"]
[White "Nguyen Ngoc Truongson"]
[Black "Manca,F"]
[Result "1-0"]
[WhiteElo "2466"]
[BlackElo "2366"]

1.d4 Nf6 2.Bg5 Ne4 3.Bf4 c5 4.f3 Qa5+ 5.c3 Nf6 6.Nd2 cxd4 7.Nb3 Qb6 8.Qxd4 Nc6
9.Qxb6 axb6 10.Be3 b5 11.Bd2 d5 12.e3 b4 13.cxb4 e5 14.Bb5 Bd7 15.a3 Bd6
16.Ne2 O-O 17.Kf2 e4 18.Bc3 Ne5 19.Bxe5 Bxe5 20.Bxd7 Nxd7 21.Nbd4 Bxd4 22.exd4 f5
23.Rhc1 Rf7 24.a4 f4 25.b5 g5 26.a5 e3+ 27.Kf1 Nf8 28.b4 Ne6 29.b6 g4 30.b5 Ng5
31.Ng1 h5 32.a6 Kg7 33.Rc7 Ne6 34.Rac1 Nxd4 35.Rxf7+ Kxf7 36.axb7 Rb8 37.Rc8 Rxb7
38.Rc7+  1-0

[Event "ch-GBR"]
[Site "Scarborough ENG"]
[Date "2004.08.09"]
[Round "7"]
[White "Palliser,R"]
[Black "Rudd,J"]
[Result "1-0"]
[WhiteElo "2411"]
[BlackElo "2281"]

1.d4 Nf6 2.Bg5 Ne4 3.Bf4 c5 4.f3 Qa5+ 5.c3 Nf6 6.d5 Qb6 7.b3 e6 8.e4 exd5
9.exd5 Bd6 10.Bg5 O-O 11.Bxf6 Re8+ 12.Ne2 gxf6 13.Nd2 Qc7 14.Ne4 Be5 15.Qd2 Kh8
16.Qh6 Qb6 17.d6 c4 18.Rc1 cxb3 19.axb3 Qxb3 20.f4 f5 21.fxe5 fxe4 22.Nd4 Qd5
23.Qf6+ Kg8 24.Nf5 Qxe5 25.Nh6+ Kf8 26.Qxf7+  1-0

[Event "ch-GBR"]
[Site "Scarborough ENG"]
[Date "2004.08.09"]
[Round "7"]
[White "Taylor,Mart"]
[Black "Hebden,M"]
[Result "0-1"]
[WhiteElo "2331"]
[BlackElo "2559"]

1.d4 Nf6 2.Bg5 Ne4 3.Bf4 c5 4.f3 Qa5+ 5.c3 Nf6 6.d5 Qb6 7.b3 e6 8.e4 exd5
9.exd5 Bd6 10.Bg5 Be7 11.Na3 d6 12.Nc4 Qd8 13.a4 O-O 14.Ne2 Na6 15.h4 Nc7
16.Bxf6 Bxf6 17.g3 Re8 18.Kf2 b6 19.Qd2 Bb7 20.Ne3 b5 21.axb5 Nxb5 22.Ng4 Rxe2+
23.Qxe2 Nxc3 24.Nxf6+ Qxf6 25.Qe1 Qd4+ 26.Kg2 Nxd5 27.Kh2 Ne3 28.Bg2 Re8
29.Rxa7 Qb2 30.Rg1 Bxf3 31.Qa1 Qxa1 32.Raxa1 Nxg2 33.Rxg2 Bxg2 34.Kxg2 Kf8
35.Ra7 Rb8 36.Rd7 Rb6  0-1

[Event "ch-GBR"]
[Site "Scarborough ENG"]
[Date "2004.08.10"]
[Round "8"]
[White "Tan,D"]
[Black "Howell,D"]
[Result "1/2-1/2"]
[WhiteElo "2335"]
[BlackElo "2334"]

1.d4 Nf6 2.Bg5 Ne4 3.Bf4 c5 4.f3 Qa5+ 5.c3 Nf6 6.d5 Qb6 7.Bc1 e6 8.c4 Qb4+
9.Bd2 Qxb2 10.Nc3 Qb6 11.e4 e5 12.f4 d6 13.f5 h5 14.Bd3 Qd8 15.Nf3 Na6 16.O-O Nc7  1/2-1/2

[Event "ch-GBR"]
[Site "Scarborough ENG"]
[Date "2004.08.11"]
[Round "9"]
[White "Taylor,Mart"]
[Black "Rudd,J"]
[Result "1-0"]
[WhiteElo "2331"]
[BlackElo "2281"]

1.d4 Nf6 2.Bg5 Ne4 3.h4 d5 4.Nd2 Nxg5 5.hxg5 Bf5 6.e3 e6 7.g4 Bg6 8.f4 c5
9.c3 Nc6 10.Ngf3 Qb6 11.Qb3 cxd4 12.cxd4 Nb4 13.Rc1 Bd6 14.a3 Nd3+ 15.Bxd3 Qxb3
16.Nxb3 Bxd3 17.Nc5 Bxc5 18.Rxc5 Be4 19.Ke2 Bxf3+ 20.Kxf3 Kd7 21.Rc2 Rac8
22.Rch2 Rhg8 23.Rxh7 a5 24.f5 Ke7 25.e4 Rc4 26.exd5 exd5 27.Ke3 Kd6 28.Rh8 Rcc8
29.Rxg8 Rxg8 30.Kf4 b5 31.Rh7 a4 32.f6 gxf6 33.gxf6 Ke6 34.g5 Rc8 35.Rh2 Rc4
36.Re2+ Kd6 37.Re7 Rxd4+ 38.Kf5 Rd2 39.Rxf7 Rxb2 40.Rf8 b4 41.axb4 Rf2+ 42.Kg6 a3
43.Ra8 a2 44.Kg7 Ke6 45.Ra6+  1-0

[Event "FSGM August"]
[Site "Budapest HUN"]
[Date "2004.08.12"]
[Round "6"]
[White "Nguyen Ngoc Truongson"]
[Black "Berczes,D"]
[Result "1-0"]
[WhiteElo "2466"]
[BlackElo "2351"]

1.d4 Nf6 2.Bg5 Ne4 3.Bf4 c5 4.f3 Qa5+ 5.c3 Nf6 6.Nd2 cxd4 7.Nb3 Qb6 8.Qxd4 Nc6
9.Qxb6 axb6 10.Be3 b5 11.Bd2 e5 12.e4 b4 13.Bb5 bxc3 14.Bxc3 d6 15.Na5 Bd7
16.Nc4 Be6 17.Ne2 Be7 18.Rd1 Rxa2 19.Na5 Kd7 20.Nc1 Ra1 21.b4 Ra3 22.Bb2 Rxa5
23.bxa5 Kc7 24.Bc3 Ra8 25.Nd3 Nxa5 26.Ra1 Kb6 27.Ke2 Kxb5 28.Bxa5 Bc4 29.Rhb1+ Kc6
30.Rb6+ Kd7 31.Rxb7+ Ke6 32.Ke3 Ba6 33.Nc5+ dxc5 34.Rb6+ Bd6 35.Bc3 Ne8 36.Rbxa6 Rxa6
37.Rxa6 g6 38.Kd3 f5 39.Ba5 Nf6 40.Bd8 fxe4+ 41.fxe4 c4+ 42.Kxc4 Nxe4 43.Bc7 Ke7
44.Bxd6+ Nxd6+ 45.Kd5 Nf7 46.h3 e4 47.Kxe4 Kf8 48.g4 Ng5+ 49.Ke5 Kg7 50.Ra7+ Kh6
51.h4 Nf3+ 52.Kf4  1-0

[Event "ch-GBR"]
[Site "Scarborough ENG"]
[Date "2004.08.12"]
[Round "10"]
[White "Ward,C"]
[Black "Howell,D"]
[Result "1-0"]
[WhiteElo "2490"]
[BlackElo "2334"]

1.d4 Nf6 2.Bg5 Ne4 3.Bf4 c5 4.f3 Qa5+ 5.c3 Nf6 6.d5 Qb6 7.b3 e6 8.e4 Bd6
9.Nh3 Bxf4 10.Nxf4 Qd6 11.Qd2 exd5 12.Bc4 d4 13.cxd4 cxd4 14.Nc3 a6 15.Ncd5 b5
16.Nxf6+ Qxf6 17.Bd5 Nc6 18.O-O O-O 19.Nh5 Qe7 20.f4 g6 21.f5 Qh4 22.fxg6 hxg6
23.Nf6+ Kg7 24.Ne8+ Kh7 25.Rf4 Qh6 26.Nf6+ Kg7 27.Raf1  1-0

[Event "HZ Open"]
[Site "Vlissingen NED"]
[Date "2004.08.14"]
[Round "9"]
[White "Kalisvaart,P"]
[Black "Dogge,M"]
[Result "1-0"]
[WhiteElo "2119"]
[BlackElo "2248"]

1.d4 Nf6 2.Bg5 Ne4 3.h4 c5 4.d5 Qb6 5.Nd2 Nxg5 6.hxg5 g6 7.e4 d6 8.Rb1 Qa5
9.f4 Bg7 10.Nf3 Nd7 11.Bd3 b5 12.c3 O-O 13.g3 Re8 14.a4 a6 15.axb5 axb5 16.Kf2 b4
17.Nc4 Qc7 18.Qd2 bxc3 19.bxc3 Ba6 20.g4 Bxc4 21.Bxc4 Ra3 22.Rb3 Rxb3 23.Bxb3 Qa5
24.c4 Qxd2+ 25.Nxd2 Rb8 26.Rc1 Rb4 27.Ke2 Bd4 28.Kd3 f6 29.gxf6 exf6 30.Bd1 g5
31.e5 gxf4 32.exd6 Ne5+ 33.Ke4 Be3 34.Rc2 Kf7 35.g5 Bxd2 36.Bh5+ Kg7 37.Kf5 Nxc4
38.gxf6+ Kf8 39.d7 Nd6+ 40.Ke6 Nb7 41.Rxd2 Rb6+ 42.Kf5 Rd6 43.Re2 Rxd5+ 44.Kg4 Rxh5
45.Kxh5 Kf7 46.Rb2 Nd8 47.Rb8 Ne6 48.d8=Q Nxd8 49.Rxd8 f3 50.Rd5 Kxf6 51.Rxc5 Ke6
52.Kg4 f2 53.Rc1  1-0

[Event "Knjaz Milos Jezero Open"]
[Site "Belgrade SCG"]
[Date "2004.08.18"]
[Round "2"]
[White "Zmijanac,D"]
[Black "Savic,Dragol"]
[Result "0-1"]
[WhiteElo "2236"]
[BlackElo "2137"]

1.d4 Nf6 2.Bg5 Ne4 3.Bf4 c5 4.f3 Qa5+ 5.c3 Nf6 6.Nd2 cxd4 7.Nb3 Qb6 8.cxd4 d5
9.e3 e6 10.Ne2 a5 11.a4 Bd7 12.Nc3 Bb4 13.Bg5 Na6 14.Kf2 Rc8 15.Nb5 Nc7 16.Rc1 O-O
17.Bxf6 gxf6 18.Nc5 Be8 19.f4 Nxb5 20.Qg4+ Kh8 21.Qh4 Rg8 22.Qxf6+ Rg7 23.Bxb5 Bxb5
24.Nxe6 Rg8 25.Qxg7+ Rxg7 26.Nxg7 Kxg7 27.axb5 Qxb5 28.Rhd1 Bd6 29.Rc2 a4
30.Rdd2 Qa5 31.Rd3 b5 32.Rc6 Be7 33.e4 dxe4 34.Rg3+ Kf8 35.Rc8+ Bd8 36.Rg5 Qd2+
37.Kg3 Qe3+ 38.Kg4 Qxd4 39.Rxb5 Qd7+  0-1

[Event "14th Open"]
[Site "Abu Dhabi UAE"]
[Date "2004.08.21"]
[Round "7"]
[White "Coleman,J"]
[Black "Bogza,A"]
[Result "0-1"]
[WhiteElo "2203"]
[BlackElo "2291"]

1.d4 Nf6 2.Bg5 Ne4 3.Bf4 d6 4.Nd2 Nf6 5.Ngf3 g6 6.e4 Bg7 7.Bd3 O-O 8.O-O Nbd7
9.h3 Nh5 10.Bh2 e5 11.dxe5 dxe5 12.Nc4 Qe7 13.Ne3 c6 14.Qd2 Nf4 15.Rad1 b5
16.Rfe1 Nc5 17.Nf1 Nce6 18.Qc3 Bb7 19.Ng3 a5 20.Ne2 Qb4 21.Bxf4 exf4 22.e5 c5
23.a3 Qxc3 24.Nxc3 Bxf3 25.gxf3 Nd4 26.Kg2 Rab8 27.Ne2 Bxe5 28.Nxd4 Bxd4
29.b3 Rfc8 30.a4 bxa4 31.bxa4 Rb4 32.Bb5 Rb2 33.Re2 Kg7 34.Rde1 g5 35.c4 Rb3
36.Re7 Rf8 37.R1e4 Kf6 38.Re2 h5 39.Re8 Rxe8 40.Bxe8 g4 41.hxg4 hxg4 42.Bc6 gxf3+
43.Bxf3 Rb4 44.Bc6 Rxc4 45.f3 Be3 46.Re1 Rc2+ 47.Kh3 Bf2 48.Re4 Bg3 49.Bb5 Rh2+  0-1

[Event "Open A"]
[Site "Bratto ITA"]
[Date "2004.08.21"]
[Round "2"]
[White "Miladinovic,I"]
[Black "Isonzo,D"]
[Result "1-0"]
[WhiteElo "2630"]
[BlackElo "2322"]

1.d4 Nf6 2.Bg5 Ne4 3.Bf4 c5 4.f3 Qa5+ 5.c3 Nf6 6.Nd2 cxd4 7.Nb3 Qb6 8.Qxd4 Nc6
9.Qxb6 axb6 10.Be3 d5 11.Nd4 Nxd4 12.Bxd4 b5 13.e4 dxe4 14.Bxf6 gxf6 15.Bxb5+ Bd7
16.Bxd7+ Kxd7 17.fxe4 Ra4 18.O-O-O+ Kc8 19.Nf3 Rxa2 20.Kc2 Rg8 21.g3 Bh6
22.Rd5 Bg5 23.Rhd1 Ra6 24.Nd4 e6 25.Rc5+ Kb8 26.Nf3 Rc8 27.Rb5 Be3 28.Rh5 Ra4
29.Rxh7 Rc7 30.Rd8+ Ka7 31.Kd3 Bb6 32.Rhh8 Ka6 33.Ra8+ Ba7 34.Rhd8 Ra2 35.Kc2 b5
36.Nd4 Ra5 37.b4 Ra2+ 38.Kb3 Rxh2 39.Rd6+ Kb7 40.Nxb5 Kxa8 41.Nxc7+ Kb8 42.Rd7 Re2
43.Rxf7 Rxe4 44.Nb5  1-0

[Event "Knjaz Milos Jezero Open"]
[Site "Belgrade SCG"]
[Date "2004.08.22"]
[Round "6"]
[White "Sahovic,D"]
[Black "Knezevic,Ml"]
[Result "1-0"]
[WhiteElo "2281"]
[BlackElo "2169"]

1.d4 Nf6 2.Bg5 Ne4 3.Bf4 f5 4.f3 Nf6 5.Nc3 e6 6.e4 fxe4 7.fxe4 Bb4 8.Bd3 c5
9.a3 Bxc3+ 10.bxc3 d5 11.e5 Ne4 12.Ne2 O-O 13.O-O b6 14.Ng3 Bb7 15.Qe1 c4
16.Be2 Nxg3 17.Qxg3 Nd7 18.Bg4 Re8 19.Bh5 Nf8 20.Bxe8 Qxe8 21.Rf3 Qg6 22.Qf2 Bc6
23.Rg3 Qf5 24.Rf3 Ba4 25.Rc1 Ng6 26.Be3 Qe4 27.g3 h5 28.Bg5 Qg4 29.h4 Rf8
30.Rxf8+ Nxf8 31.Re1 Bxc2 32.Qxc2 Qxg3+ 33.Kf1 Qf3+ 34.Qf2 Qh1+ 35.Ke2 Qe4+
36.Qe3 Qc2+ 37.Kf1 Qf5+ 38.Kg1 Ng6  1-0

[Event "Open A"]
[Site "Bratto ITA"]
[Date "2004.08.26"]
[Round "7"]
[White "Cebalo,M"]
[Black "Shytaj,L"]
[Result "1-0"]
[WhiteElo "2527"]
[BlackElo "2344"]

1.d4 Nf6 2.Bg5 Ne4 3.Bf4 c5 4.f3 Qa5+ 5.c3 Nf6 6.Nd2 cxd4 7.Nb3 Qf5 8.Bxb8 Rxb8
9.Qxd4 b6 10.e4 Qf4 11.Nh3 Qc7 12.e5 Ng8 13.O-O-O e6 14.Nf2 f5 15.f4 Ne7
16.Qa4 a6 17.Nd4 b5 18.Qc2 Nc6 19.Nxc6 Qxc6 20.h4 Be7 21.Rh3 h5 22.Be2 g6
23.Kb1 Kf7 24.Bf3 Qc7 25.Rhh1 Bb7 26.Bxb7 Rxb7 27.Rd3 b4 28.g3 Rc8 29.Rc1 Qb6
30.c4 Rbc7 31.b3 a5 32.Nd1 Qc6 33.Nb2 Ra8 34.Rcd1 Raa7 35.Na4 Rab7 36.Qf2 Bf8
37.Qf3 Qxf3 38.Rxf3 Ke8 39.Rfd3 Be7 40.Kc2 Rc6 41.Kd2 Bf8 42.Ke3 Rbc7 43.Rc1 Be7
44.Rd2 Kd8 45.Rcd1 Kc8 46.Rd6 Bxd6 47.exd6 Ra7 48.c5 Raa6 49.Rc1 Kb7 50.Nb2 Rc8
51.Nd3 Kc6 52.Kd4 Kb5 53.Ke5 Rf8 54.Rc2 Rc6 55.Rc4 Ra6 56.Kd4 Rc8 57.Ne5 Ra7
58.c6 dxc6 59.Rc5+ Kb6 60.Nc4+ Kb7 61.Ke5 Raa8 62.d7  1-0

[Event "XVI Open"]
[Site "Porto San Giorgio ITA"]
[Date "2004.08.27"]
[Round "7"]
[White "Frugoli,F"]
[Black "Faraoni,E"]
[Result "1-0"]
[WhiteElo "2034"]
[BlackElo "2178"]

1.d4 Nf6 2.Bg5 Ne4 3.Bf4 g5 4.Be5 Rg8 5.f3 d6 6.Bg3 Nxg3 7.hxg3 Bg7 8.e3 c5
9.Nc3 cxd4 10.exd4 Nc6 11.Bb5 Bf5 12.Nge2 Kf8 13.Bd3 Qa5 14.Bxf5 Qxf5 15.Qd2 Rc8
16.g4 Qg6 17.Rh5 h6 18.O-O-O e5 19.dxe5 Bxe5 20.Kb1 Qe6 21.Nd5 Rg6 22.Rdh1 Nd4
23.Nxd4 Qxd5 24.Nb3 Qxd2 25.Nxd2 Kg7 26.Nf1 Re8 27.Ne3 Kf8 28.Nf5 Bg7 29.c3 Re2
30.R5h2 Rge6 31.g3 d5 32.Rxe2 Rxe2 33.Rd1 d4 34.cxd4 Bf6 35.Rd3 Rg2 36.Rc3 Rf2
37.Rc8+  1-0

[Event "IM"]
[Site "Kostrena CRO"]
[Date "2004.08.28"]
[Round "3"]
[White "Doric,D"]
[Black "Bratovic,B"]
[Result "0-1"]
[WhiteElo "2300"]
[BlackElo "2332"]

1.d4 Nf6 2.Bg5 Ne4 3.Bf4 c5 4.f3 Qa5+ 5.c3 Nf6 6.d5 Qb6 7.b3 e6 8.e4 Bd6
9.Bxd6 Qxd6 10.dxe6 Qxd1+ 11.Kxd1 fxe6 12.Nd2 O-O 13.Bd3 d5 14.Nh3 Nc6 15.Re1 d4
16.c4 e5 17.Nf2 g5 18.g4 Kg7 19.a3 Be6 20.h3 h5 21.Rb1 a5 22.a4 h4 23.Bf1 Nb4
24.Rb2 Nd7 25.Nd3 Rf6 26.Nxb4 cxb4 27.Bd3 Nc5 28.Ke2 Bd7 29.Ra2 Bc6 30.Rf1 Ne6
31.Ke1 Nf4 32.Be2 Nxh3 33.Rh1 Nf4 34.Bf1 Ne6 35.Rh2 Raf8 36.Rh3 Nc5 37.Be2 Rf4
38.Rh2 Kf6 39.Rh3 Ke7 40.Rh2 Kd6 41.Rb2 b6 42.Ra2 Bd7 43.Rh3 Be6 44.Ra1 Nd7
45.Bd3 Kc5 46.Kd1 Nf6 47.Kc2 Bxg4 48.fxg4 Nxg4 49.Rg1 Rh8 50.Be2 Ne3+ 51.Kd3 g4
52.Rh2 g3 53.Rxg3 hxg3 54.Rxh8 g2 55.Rg8 Ng4  0-1